Graphical Symbols for Shipboard Fire Control Plans (Record no. 1985)

000 -LEADER
fixed length control field 00730nkm a2200253 a 4500
007 - PHYSICAL DESCRIPTION FIXED FIELD--GENERAL INFORMATION
fixed length control field kk coi
008 - FIXED-LENGTH DATA ELEMENTS--GENERAL INFORMATION
fixed length control field 200123s2006 xxk||||g ||||i 0| zaeng d
020 ## - INTERNATIONAL STANDARD BOOK NUMBER
International Standard Book Number 9789280142259
Terms of availability £ 10.00
020 ## - INTERNATIONAL STANDARD BOOK NUMBER
International Standard Book Number 9280142259
040 ## - CATALOGING SOURCE
Original cataloging agency IMU Kochi Library
Language of cataloging eng
041 0# - LANGUAGE CODE
Language code of text/sound track or separate title eng
044 ## - COUNTRY OF PUBLISHING/PRODUCING ENTITY CODE
MARC country code United Kingdom
082 04 - DEWEY DECIMAL CLASSIFICATION NUMBER
Edition number 23
Classification number 623.8886
Item number In858
110 2# - MAIN ENTRY--CORPORATE NAME
Corporate name or jurisdiction name as entry element International Maritime Organization
245 10 - TITLE STATEMENT
Title Graphical Symbols for Shipboard Fire Control Plans
260 ## - PUBLICATION, DISTRIBUTION, ETC. (IMPRINT)
Place of publication, distribution, etc London :
Name of publisher, distributor, etc International Maritime Organization,
Date of publication, distribution, etc 2006
300 ## - PHYSICAL DESCRIPTION
Extent 2 posters :
Other physical details col. ;
Dimensions 30 x 62 cm. - 59 x 83 cm.
650 #0 - SUBJECT ADDED ENTRY--TOPICAL TERM
Topical term or geographic name as entry element Fire extinction
General subdivision Posters
650 #0 - SUBJECT ADDED ENTRY--TOPICAL TERM
Topical term or geographic name as entry element Ships
General subdivision Fires and fire prevention
-- Posters
852 ## - LOCATION/CALL NUMBER
Location IMU Kochi Library
904 ## - LOCAL DATA ELEMENT D, LDD (RLIN)
CATALOGER Rudra Ranjan
905 ## - LOCAL DATA ELEMENT E, LDE (RLIN)
VERIFIER Rudra Ranjan
942 ## - ADDED ENTRY ELEMENTS (KOHA)
Item type Poster
Holdings
Withdrawn status Lost status Source of classification or shelving scheme Damaged status Not for loan Collection code Permanent location Current location Shelving location Date acquired Source of acquisition Cost, normal purchase price Full call number Barcode Date last seen Koha item type Public note
          IMO Collection IMU Kochi Library IMU Kochi Library Reference 2018-07-25 M/s Sterling Book House (Inv. No. 00574 Dt. 2018-06-29) 899.30 623.8886 In858 BK005299 2020-01-23 Poster REF Shelf No. 1
          IMO Collection IMU Kochi Library IMU Kochi Library Reference 2018-07-25 M/s Sterling Book House (Inv. No. 00574 Dt. 2018-06-29) 899.30 623.8886 In858 BK005300 2020-01-23 Poster REF Shelf No. 1
          IMO Collection IMU Kochi Library IMU Kochi Library Reference 2018-07-25 M/s Sterling Book House (Inv. No. 00574 Dt. 2018-06-29) 899.30 623.8886 In858 BK005301 2020-01-23 Poster REF Shelf No. 1


Copyright © All Rights Reserved by Indian Maritime University, Kochi Campus.
For any Suggestions/Query Contact to library or Email: library.kochi@imu.ac.in Ph:(0484)-2989402
(Web OPAC Designed by Rudra Ranjan. Maintained by IMU Kochi Library)

Powered by Koha